| 000 -LEADER |
| fixed length control field |
01042nam a2200229Ia 4500 |
| 001 - CONTROL NUMBER |
| control field |
10627 |
| 003 - CONTROL NUMBER IDENTIFIER |
| control field |
GE_BSU |
| 008 - FIXED-LENGTH DATA ELEMENTS--GENERAL INFORMATION |
| fixed length control field |
181216s||||||||xx |||||||||||||| ||und|| |
| 020 ## - INTERNATIONAL STANDARD BOOK NUMBER |
| International Standard Book Number |
9789941420870 |
| 040 ## - CATALOGING SOURCE |
| Transcribing agency |
GE_BSU |
| 100 ## - MAIN ENTRY--PERSONAL NAME |
| Personal name |
შუკშინი,ვასილ |
| 245 ## - TITLE STATEMENT |
| Title |
ცოდვის შვილი |
| 245 ## - TITLE STATEMENT |
| Remainder of title |
მოთხრობები |
| 245 ## - TITLE STATEMENT |
| Statement of responsibility, etc. |
რუს.თარგმნა ანზორ აბჟანდაძემ; საგამომც.ჯგუფი:ნიკოლოზ აფციაური, ლაშა გადელია და სხვ; გარეკ.დიზ:ილია ხელაიასი. |
| 260 ## - PUBLICATION, DISTRIBUTION, ETC. |
| Place of publication, distribution, etc. |
თბილისი |
| 260 ## - PUBLICATION, DISTRIBUTION, ETC. |
| Name of publisher, distributor, etc. |
ინტელექტი |
| 260 ## - PUBLICATION, DISTRIBUTION, ETC. |
| Date of publication, distribution, etc. |
2011 |
| 300 ## - PHYSICAL DESCRIPTION |
| Extent |
190გვ;16სმ. |
| 520 ## - SUMMARY, ETC. |
| Summary, etc. |
(მცირე პროზა,საგამომც.პროექტის ავტ.კახმეგ კუდავა.) |
| 653 ## - INDEX TERM--UNCONTROLLED |
| Uncontrolled term |
ცოდვის შვილი:მოთხრობები |
| 942 ## - ADDED ENTRY ELEMENTS (KOHA) |
| Koha item type |
წიგნი |